तलाश - इन्शान की / (Record no. 120423)

MARC details
000 -LEADER
fixed length control field 01032nam a22002537a 4500
005 - DATE AND TIME OF LATEST TRANSACTION
control field 20170124103157.0
010 ## - LIBRARY OF CONGRESS CONTROL NUMBER
LC control number B-074143
020 ## - INTERNATIONAL STANDARD BOOK NUMBER
Terms of availability 195.00
035 ## - SYSTEM CONTROL NUMBER
System control number B-074143
037 ## - SOURCE OF ACQUISITION
Source of stock number/acquisition Cen Lib/Ret
040 ## - CATALOGING SOURCE
Original cataloging agency DPL
Language of cataloging HN
082 ## - DEWEY DECIMAL CLASSIFICATION NUMBER
Classification number 181.4
Item number सत्यपा
100 ## - MAIN ENTRY--PERSONAL NAME
Personal name सत्यपाल सिंह
9 (RLIN) 90346
245 ## - TITLE STATEMENT
Title तलाश - इन्शान की /
Statement of responsibility, etc सत्यपाल सिंह
246 ## - VARYING FORM OF TITLE
Title proper/short title Tlash insan ki
Remainder of title by Satypal Singh
260 ## - PUBLICATION, DISTRIBUTION, ETC. (IMPRINT)
Place of publication, distribution, etc दिल्ली
Name of publisher, distributor, etc संस्कार प्रकाशन
Date of publication, distribution, etc 2001
270 ## - ADDRESS
Address 4408, नई सड़क
City दिल्ली
Postal code 110006
300 ## - PHYSICAL DESCRIPTION
Extent x,226पृष्ठ. :
Dimensions 21सेमी(सजिल्द)
Other physical details चित्र.
650 ## - SUBJECT ADDED ENTRY--TOPICAL TERM
Topical term or geographic name as entry element भौतिकवादी दर्शन शास्त्र
9 (RLIN) 46691
650 ## - SUBJECT ADDED ENTRY--TOPICAL TERM
Topical term or geographic name as entry element दर्शन - उपनिषद
9 (RLIN) 90347
650 ## - SUBJECT ADDED ENTRY--TOPICAL TERM
Topical term or geographic name as entry element Materialist philosophy
9 (RLIN) 90348
650 ## - SUBJECT ADDED ENTRY--TOPICAL TERM
Topical term or geographic name as entry element Philosophy - Upanishads
9 (RLIN) 90349
942 ## - ADDED ENTRY ELEMENTS (KOHA)
Source of classification or shelving scheme Dewey Decimal Classification
Koha item type Hindi Books
Classification part 181.4
Call number suffix सत्यपा
Holdings
Withdrawn status Lost status Damaged status Not for loan Home library Current library Date acquired Source of acquisition Cost, normal purchase price Total Checkouts Full call number Barcode Date last seen Date checked out Copy number Cost, replacement price Price effective from Koha item type
        Central Library Central Library 22/09/2015 Cen Lib/Ret 195.00 3 181.4 सत्यपा B-074143 26/05/2019 13/05/2019 1 195.00 22/09/2015 Hindi Books

© Delhi Public Library
Hit Counter
free hit counter